000
00313nam a2200133Ia 4500
008
190216s9999||||xx |||||||||||||| ||und||
100
_a
Krishnamurthy. V
245
0
_a
Computer Programmin In Basic & Information
250
_a
1st Ed.
260
_b
Null
_c
1995
300
_a
220
650
_a
Computer
942
_c
BK
999
_c
8495
_d
8495